| 000 | 00842cam a2200229 i 4500 | ||
|---|---|---|---|
| 005 | 20200104041613.0 | ||
| 008 | 090624s2007 mx a b s000 0 spa | ||
| 020 | _a9707690976 | ||
| 040 |
_aDLC _cDLC _dCO-BoIAVH |
||
| 041 | _aspa | ||
| 043 | _an-mx--- | ||
| 082 | 0 | 4 |
_a333.954 _bT67t |
| 245 | 0 | 0 |
_aTópicos en sistemática, biogeografía, ecología y conservación de mamíferos / _cGerardo Sánchez-Rojas, Alberto Rojas-Martínez, editores |
| 260 |
_aHidalgo : _bUniversidad Autónoma del Estado de Hidalgo, _c2007 |
||
| 300 |
_a214 p. : _bill. ; _c27 cm. |
||
| 650 | 1 | 4 |
_aMamíferos _xConservación |
| 650 | 2 | 4 | _aConservación de la vida silvestre |
| 650 | 2 | 4 |
_aMamíferos _xEcología |
| 700 | 1 |
_aSánchez-Rojas, Gerardo, _eeditor. |
|
| 700 | 1 |
_aRojas-Martínez, Alberto, _eeditor. |
|
| 942 |
_2ddc _cLIBRO |
||
| 999 |
_c7026 _d7026 |
||